| 000 | 01017cam a22003015a 4500 | ||
|---|---|---|---|
| 001 | 18509001 | ||
| 005 | 20180508142158.0 | ||
| 008 | 150227t2016 nyua frb 001 0 eng d | ||
| 010 | _a 2015001250 | ||
| 020 | _a9780078029066 (alk. paper) | ||
| 020 | _a0078029066 (alk. paper) | ||
| 040 |
_aDLC _beng _cDLC _dDLC _dEG-ScBUE |
||
| 082 | 0 | 4 |
_a658.5752 _bULR _222 |
| 100 | 1 | _aUlrich, Karl T. | |
| 245 | 1 | 0 |
_aProduct design and development / _cKarl T. Ulrich, Steven D. Eppinger. |
| 250 | _a6th ed. | ||
| 260 |
_aNew York : _bMcGraw-Hill Education, _cc.2016. |
||
| 300 |
_axvi, 432 p. : _bill. ; _c24 cm |
||
| 504 | _aIncludes bibliographical references and index. | ||
| 650 | 7 |
_aNew Products _xDecision making _xMethodology _vCase studies. _2BUEsh |
|
| 650 | 7 |
_aProduct design _xCost effectiveness _vCase studies. _2BUEsh |
|
| 650 | 7 |
_aProduction engineering _vCase studies. _2BUEsh |
|
| 651 | _2BUEsh | ||
| 653 |
_bENGMEC _cMay2018 |
||
| 655 |
_vText book _933728 |
||
| 700 | 1 | _aEppinger, Steven D. | |
| 942 | _2ddc | ||
| 999 |
_c26670 _d26642 |
||